00448nam a22001577a 450000500170000001000170001702000250003403500170005903700240007608200130010010000320011324500470014526000320019227000510022430000150027520120510163630.0 aB-462559-563 a9788129100269c95.00 aB-462559-563 adplbK. K. Pub /Ven a891.4414 aTagore ,Rabindernath Tagore aFruit gathering /cby Rabindernath, Tagore aNew DelhibRupa & Co c2003 a7/16 ansari Road Darya GanjbNew Delhie110002 a98cmc16cm